[Event "Victoria-ch op"]
[Site "Box Hill"]
[Date "2004.06.13"]
[Round "3"]
[White "Van Riel, Bas"]
[Black "Ashlock, Brad"]
[Result "1-0"]
[WhiteElo "1816"]
[BlackElo "1623"]
[PlyCount "75"]
[EventDate "2004.06.12"]
[EventType "swiss"]
[EventRounds "7"]
[EventCountry "AUS"]
[SourceTitle "EXT 2018"]
[Source "ChessBase"]
[SourceDate "2017.10.13"]
[SourceVersion "1"]
[SourceVersionDate "2017.10.13"]
[SourceQuality "1"]

1. e4 e6 2. d4 c5 3. c3 b6 4. Be3 Bb7 5. d5 exd5 6. exd5 d6 7. Nf3 Nf6 8. c4 Be7 9. Nc3 0-0 10. Bd3 Nbd7 11. h3 Re8 12. 0-0 a6 13. a4 Bf8 14. Bg5 h6 15. Bh4 Be7 16. Re1 Bf8 17. Qd2 Qc7 18. Bg3 Rxe1+ 19. Rxe1 Re8 20. Nh4 Ne5 21. Bf1 Bc8 22. f4 Ng6 23. Nxg6 Rxe1 24. Qxe1 fxg6 25. Bd3 Bf5 26. Bxf5 gxf5 27. Qe6+ Kh8 28. Qxf5 Qe7 29. Qe6 Qxe6 30. dxe6 g6 31. Bh4 Kg7 32. Nd5 g5 33. fxg5 hxg5 34. Bxg5 Nxd5 35. cxd5 b5 36. axb5 axb5 37. e7 Bxe7 38. Bxe7 1-0